| 000 | 01128nam a2200361 a 4500 | ||
|---|---|---|---|
| 001 | 000108497 | ||
| 003 | CHAP | ||
| 005 | 20220329144014.0 | ||
| 008 | 140219s2013 it j |r| ||||||eng d | ||
| 010 | _a104959 | ||
| 011 | _a105931 | ||
| 020 | _a9789251075708 | ||
| 040 | _cCHAP | ||
| 082 | 0 | 4 |
_a641.30218 _bF26yMan. 2013 |
| 110 | 2 |
_aFAO. Comisión del Codex Alimentarius _939482 |
|
| 245 | 1 | 0 |
_aProcedural manual / _cpor FAO. Codex Alimentarius Commission. |
| 250 | _a21 ed. | ||
| 260 |
_aRoma : _bFAO, _c2013. |
||
| 300 |
_av, 204 p. : _btabs. |
||
| 490 | 1 | _aPrograma conjunto FAO/OMS sobre normas alimentarias | |
| 590 |
_aE5995AHE _b05 _c20140219 _lUCH01 _h0933 |
||
| 650 | 1 | 4 |
_aAditivos alimenticios. _9907 |
| 650 | 1 | 4 |
_aAlimentos _xAnálisis. _94164 |
| 650 | 1 | 4 |
_aAlimentos _xExportación. _94222 |
| 650 | 1 | 4 |
_aAlimentos _xHigiene. _94224 |
| 650 | 1 | 4 |
_aAlimentos _xInspección. _94239 |
| 650 | 1 | 4 |
_aAlimentos _xNormas de calidad. _94256 |
| 650 | 1 | 4 |
_aManuales de procedimientos. _970675 |
| 830 | 0 |
_aPrograma conjunto FAO/OMS sobre normas alimentarias _992254 |
|
| 901 | _aBK | ||
| 942 | _cLIBRO | ||
| 942 | _n0 | ||
| 999 |
_c104959 _d104959 |
||